[Event "Madrid ch Veteranos 2324"]
[Site "Madrid ESP"]
[Date "2024.03.13"]
[Round "3.11"]
[White "Luque Ibanes, Manuel"]
[Black "Villares Galiano, Luis"]
[Result "1-0"]
[WhiteElo "1983"]
[BlackElo "1890"]
[PlyCount "107"]
[EventDate "2024.03.11"]
[EventType "swiss"]
[EventRounds "9"]
[EventCountry "ESP"]
[SourceTitle "Ajedrez en Madrid"]
[Source "lmi"]
[SourceDate "2024.03.11"]
[SourceVersion "1"]
[SourceVersionDate "2024.03.23"]
[SourceQuality "1"]

1. e4 c5 2. Nf3 Nc6 3. d3 e5 4. g3 Nf6 5. Bg2 d5 6. Qe2 dxe4 7. dxe4 h6 8. c3
Be7 9. Nbd2 Qc7 10. O-O O-O 11. Re1 Re8 12. Nf1 Bf8 13. Ne3 Be6 14. Nh4 Rad8
15. Qf3 Ne7 16. Nhf5 Nh7 17. h4 g6 18. g4 Kh8 19. Nxe7 Qxe7 20. Qg3 Bg7 21. Nd5
Qd7 22. g5 h5 23. Be3 Qc8 24. a4 Bxd5 25. exd5 e4 26. Bh3 Be5 27. Bxc8 Bxg3 28.
Bxb7 Bxh4 29. Bxc5 Nxg5 30. Red1 Nf3+ 31. Kg2 Be7 32. d6 Bf8 33. d7 Re5 34.
Bxf8 Rg5+ 35. Kf1 Rxd7 36. Rxd7 Rg1+ 37. Ke2 Rxa1 38. Bxe4 Ng1+ 39. Kd2 Rxa4
40. Rd4 Ra2 41. Kc2 Ne2 42. Rd8 Ra6 43. Bd3 Re6 44. Bc5+ Kg7 45. Kd2 Nf4 46.
Bxa7 h4 47. Bc4 Re7 48. Be3 Nh5 49. Bg5 Rc7 50. Bd5 h3 51. b4 f6 52. Be3 f5 53.
b5 Nf6 54. Bd4 1-0

[Event "Madrid ch Veteranos 2324"]
[Site "Madrid ESP"]
[Date "2024.03.13"]
[Round "3.12"]
[White "Vazquez Gonzalez, Jesus"]
[Black "Ramos Fernandez, Pedro"]
[Result "1/2-1/2"]
[WhiteElo "1939"]
[BlackElo "1981"]
[PlyCount "106"]
[EventDate "2024.03.11"]
[EventType "swiss"]
[EventRounds "9"]
[EventCountry "ESP"]
[SourceTitle "Ajedrez en Madrid"]
[Source "lmi"]
[SourceDate "2024.03.11"]
[SourceVersion "1"]
[SourceVersionDate "2024.03.23"]
[SourceQuality "1"]

1. e4 c6 2. d4 d5 3. exd5 cxd5 4. Bd3 Nc6 5. c3 e6 6. Bf4 Bd6 7. Bxd6 Qxd6 8.
Nf3 Nge7 9. O-O Bd7 10. Re1 O-O 11. Nbd2 f6 12. Qb3 Kh8 13. Rad1 Rac8 14. Bb1
b5 15. Qc2 g6 16. Nb3 e5 17. dxe5 fxe5 18. Qe2 Bg4 19. Be4 Qe6 20. Nc5 Qf7 21.
Bxd5 Nxd5 22. Nxe5 Bxe2 23. Nxf7+ Rxf7 24. Rxe2 Nf4 25. Re4 Na5 26. b4 Nc4 27.
a4 Nb2 28. Rdd4 bxa4 29. Rxf4 Rxf4 30. Rxf4 a3 31. Rf7 a5 32. Ra7 Nc4 33. Nb3
a2 34. g3 Nd2 35. Rxa5 Nxb3 36. Rxa2 Rxc3 37. Rb2 Kg7 38. b5 Nc5 39. b6 Nb7 40.
Rd2 Na5 41. Rd7+ Kf6 42. Rxh7 Rb3 43. h4 Rxb6 44. h5 Rb1+ 45. Kg2 g5 46. Rc7
Nb7 47. h6 Nd6 48. h7 Rb8 49. Rc6 Ke6 50. f4 g4 51. Rc5 Nf7 52. Rc6+ Ke7 53.
Rg6 Rh8 1/2-1/2

[Event "Madrid ch Veteranos 2324"]
[Site "Madrid ESP"]
[Date "2024.03.13"]
[Round "3.13"]
[White "Martin-Consuegra Barrilero, Javi"]
[Black "Quintero Torres, Pedro"]
[Result "1/2-1/2"]
[WhiteElo "1825"]
[BlackElo "1948"]
[PlyCount "109"]
[EventDate "2024.03.11"]
[EventType "swiss"]
[EventRounds "9"]
[EventCountry "ESP"]
[SourceTitle "Ajedrez en Madrid"]
[Source "lmi"]
[SourceDate "2024.03.11"]
[SourceVersion "1"]
[SourceVersionDate "2024.03.23"]
[SourceQuality "1"]

1. d4 d5 2. Nf3 Nf6 3. Bf4 c5 4. c3 Qb6 5. Qb3 Nc6 6. e3 c4 7. Qxb6 axb6 8.
Nbd2 Bf5 9. Be2 h6 10. O-O e6 11. h3 Be7 12. Be5 O-O 13. Bxf6 Bxf6 14. Rfe1 b5
15. a3 Rfe8 16. Bf1 Rec8 17. e4 dxe4 18. Nxe4 Bxe4 19. Rxe4 b4 20. cxb4 Nxb4
21. Rc1 Nd3 22. Bxd3 cxd3 23. Rxc8+ Rxc8 24. Re3 d2 25. Nxd2 Bxd4 26. Rd3 Bxb2
27. Rb3 Rc1+ 28. Nf1 Bd4 29. Rxb7 Ra1 30. Rb3 Bc5 31. g3 Rxa3 32. Rxa3 Bxa3 33.
Nd2 Be7 34. f3 f5 35. g4 Kf7 36. Kg2 Kf6 37. gxf5 exf5 38. f4 g5 39. fxg5+ hxg5
40. Kf3 Kg6 41. Nc4 Bf6 42. Ne3 Be5 43. Nc4 Bd4 44. Nd2 Kh5 45. Kg2 Ba7 46. Nf3
Bb6 47. Ne5 Bc7 48. Nf3 Kg6 49. Nd4 Be5 50. Ne2 Kf6 51. Kf3 Ke6 52. Ke3 Kd5 53.
Kd3 Bh2 54. Nd4 f4 55. Nf3 1/2-1/2

[Event "Madrid ch Veteranos 2324"]
[Site "Madrid ESP"]
[Date "2024.03.13"]
[Round "3.14"]
[White "Lopez de Turiso Sanchez, Jose An"]
[Black "Gimenez Buiza, Fernando"]
[Result "1-0"]
[WhiteElo "1940"]
[BlackElo "1824"]
[PlyCount "83"]
[EventDate "2024.03.11"]
[EventType "swiss"]
[EventRounds "9"]
[EventCountry "ESP"]
[SourceTitle "Ajedrez en Madrid"]
[Source "lmi"]
[SourceDate "2024.03.11"]
[SourceVersion "1"]
[SourceVersionDate "2024.03.23"]
[SourceQuality "1"]

1. Nc3 d5 2. e4 dxe4 3. Nxe4 Nd7 4. Bc4 e6 5. Nf3 Ngf6 6. Ng3 Be7 7. d4 c5 8.
O-O O-O 9. Re1 Qc7 10. Nf5 Bd8 11. Ne3 cxd4 12. Nxd4 Ne5 13. Be2 a6 14. a4 b6
15. f4 Nc6 16. Nxc6 Bb7 17. Nxd8 Rfxd8 18. Bd3 Qxf4 19. Qe2 Qd4 20. Rd1 Qc5 21.
Kh1 Rd4 22. Bd2 Rh4 23. Be1 Rh3 24. Nf1 h5 25. Ra3 g6 26. Rc3 Qg5 27. Bc4 Rxc3
28. Bxc3 Ne4 29. Be1 Nf6 30. Bd2 Qh4 31. Bc3 Ne4 32. Be1 Qg5 33. Qe3 Qf6 34. c3
Rc8 35. Be2 h4 36. Bf3 g5 37. Qxb6 Ba8 38. Qxa6 Rf8 39. Qe2 h3 40. Bg3 hxg2+
41. Bxg2 Nxg3+ 42. Nxg3 1-0

[Event "Madrid ch Veteranos 2324"]
[Site "Madrid ESP"]
[Date "2024.03.13"]
[Round "3.15"]
[White "Lopez Heras, Arturo"]
[Black "Marin Aso, Jose Luis"]
[Result "1/2-1/2"]
[WhiteElo "1814"]
[BlackElo "1929"]
[PlyCount "41"]
[EventDate "2024.03.11"]
[EventType "swiss"]
[EventRounds "9"]
[EventCountry "ESP"]
[SourceTitle "Ajedrez en Madrid"]
[Source "lmi"]
[SourceDate "2024.03.11"]
[SourceVersion "1"]
[SourceVersionDate "2024.03.23"]
[SourceQuality "1"]

1. e4 c5 2. Nf3 Nc6 3. d4 cxd4 4. Nxd4 e5 5. Nb5 d6 6. N1c3 a6 7. Na3 Be7 8.
Nd5 Nf6 9. Nxf6+ Bxf6 10. Nc4 O-O 11. Be3 b5 12. Nb6 Rb8 13. Nd5 Bg5 14. Qd2
Bxe3 15. Nxe3 Be6 16. Bd3 Ne7 17. Rd1 Qb6 18. O-O Rbd8 19. Qb4 Nc6 20. Qd2 Ne7
21. Qb4 1/2-1/2

[Event "Madrid ch Veteranos 2324"]
[Site "Madrid ESP"]
[Date "2024.03.13"]
[Round "3.16"]
[White "Moreno Torrero, Javier"]
[Black "Lobato Palomo, Manuel Angel"]
[Result "1-0"]
[WhiteElo "1911"]
[BlackElo "1804"]
[PlyCount "81"]
[EventDate "2024.03.11"]
[EventType "swiss"]
[EventRounds "9"]
[EventCountry "ESP"]
[SourceTitle "Ajedrez en Madrid"]
[Source "lmi"]
[SourceDate "2024.03.11"]
[SourceVersion "1"]
[SourceVersionDate "2024.03.23"]
[SourceQuality "1"]

1. d4 e6 2. c4 f5 3. g3 Nf6 4. Bg2 Be7 5. Nf3 O-O 6. O-O d5 7. b3 b6 8. Nc3 Bb7
9. Bb2 Ne4 10. Ne5 Nxc3 11. Bxc3 Nd7 12. Qd3 Rb8 13. Rfd1 Nf6 14. Bb2 Qe8 15.
cxd5 Nxd5 16. Rac1 Bd6 17. a3 Bxe5 18. dxe5 c5 19. e4 fxe4 20. Bxe4 g6 21. f4
Qe7 22. Qf3 Rf7 23. Rc2 Qf8 24. Bc1 Rc8 25. h4 Rd8 26. Kh2 Rfd7 27. Rf1 Qf7 28.
g4 Kh8 29. f5 gxf5 30. gxf5 exf5 31. e6 Qxe6 32. Bb2+ Kg8 33. Rg1+ Kf8 34.
Qxf5+ Qxf5 35. Bxf5 Re7 36. Rcg2 Rf7 37. Bg7+ Ke7 38. Re2+ Kd6 39. Re6+ Kc7 40.
Be5+ Kc8 41. Rc6# 1-0

[Event "Madrid ch Veteranos 2324"]
[Site "Madrid ESP"]
[Date "2024.03.13"]
[Round "3.17"]
[White "Perez Hernandez, Alfonso"]
[Black "Largo Barbero, Benito"]
[Result "1/2-1/2"]
[WhiteElo "1795"]
[BlackElo "1897"]
[PlyCount "64"]
[EventDate "2024.03.11"]
[EventType "swiss"]
[EventRounds "9"]
[EventCountry "ESP"]
[SourceTitle "Ajedrez en Madrid"]
[Source "lmi"]
[SourceDate "2024.03.11"]
[SourceVersion "1"]
[SourceVersionDate "2024.03.23"]
[SourceQuality "1"]

1. c4 g6 2. Nc3 Bg7 3. d4 f5 4. e4 d6 5. Nf3 Nf6 6. Bd3 fxe4 7. Nxe4 Nxe4 8.
Bxe4 Nd7 9. Qb3 c6 10. O-O Nf6 11. Bc2 O-O 12. Re1 Kh8 13. h3 Nh5 14. Bg5 Bf6
15. Qe3 Ng7 16. Bh6 Qb6 17. b3 Re8 18. Rad1 Qc7 19. g4 Ne6 20. g5 Bg7 21. Bb1
Qd7 22. d5 Nf8 23. Bxg7+ Kxg7 24. Qc3+ Kg8 25. Rd4 e5 26. dxe6 Rxe6 27. Rde4
Rxe4 28. Rxe4 Qf7 29. Nd4 Bd7 30. Qe3 Re8 31. Rxe8 Bxe8 32. Be4 Bd7 1/2-1/2

[Event "Madrid ch Veteranos 2324"]
[Site "Madrid ESP"]
[Date "2024.03.13"]
[Round "3.18"]
[White "Alberdi Garcia, Carlos Alfonso"]
[Black "Toledo Aguirre, Gonzalo"]
[Result "0-1"]
[WhiteElo "1765"]
[BlackElo "1896"]
[PlyCount "136"]
[EventDate "2024.03.11"]
[EventType "swiss"]
[EventRounds "9"]
[EventCountry "ESP"]
[SourceTitle "Ajedrez en Madrid"]
[Source "lmi"]
[SourceDate "2024.03.11"]
[SourceVersion "1"]
[SourceVersionDate "2024.03.23"]
[SourceQuality "1"]

1. d4 f5 2. Bg5 h6 3. Bh4 g5 4. Bg3 Nf6 5. e3 d6 6. Nc3 Bg7 7. Qd2 Nh5 8. O-O-O
Nxg3 9. hxg3 O-O 10. Bc4+ e6 11. Nge2 d5 12. Bd3 c5 13. dxc5 Qc7 14. Rdf1 Qxc5
15. f3 Nc6 16. a3 Ne5 17. Nd4 Bd7 18. Nb3 Nxd3+ 19. Qxd3 Qc7 20. e4 dxe4 21.
fxe4 Bc6 22. Rf2 Rad8 23. Qc4 Qf7 24. exf5 exf5 25. Qxf7+ Rxf7 26. Rhf1 Bxc3
27. bxc3 Be4 28. Nc5 Re7 29. Nxe4 fxe4 30. Re2 Rc8 31. Kb2 Kg7 32. Rfe1 Rc4 33.
Re3 Kg6 34. g4 h5 35. gxh5+ Kxh5 36. Kb3 b5 37. Rd1 Kg4 38. Rf1 a5 39. Rf6 Re5
40. Rf1 Rf5 41. Rfe1 Kf4 42. a4 Rxa4 43. R1e2 Ke5 44. g3 Rf1 45. Kb2 Kf5 46.
Rg2 Rf3 47. Rge2 Rc4 48. Kb3 Rxe3 49. Rxe3 Kg4 50. Kb2 Kh3 51. Kc1 Kg2 52. Kd2
a4 53. Kd1 Kf2 54. Re1 Kxg3 55. Rg1+ Kf4 56. Rf1+ Ke5 57. Kd2 g4 58. Rf8 g3 59.
Rb8 Rc5 60. Ke2 Kf4 61. Rf8+ Kg4 62. Rg8+ Kh3 63. Rh8+ Kg2 64. Kd2 Kf2 65. Rf8+
Kg1 66. Rf4 g2 67. Rxe4 Kh2 68. Re2 Kh1 0-1

[Event "Madrid ch Veteranos 2324"]
[Site "Madrid ESP"]
[Date "2024.03.13"]
[Round "3.19"]
[White "Garcia Santiago, Juan Carlos"]
[Black "Garcia Martin, Esteban"]
[Result "1/2-1/2"]
[WhiteElo "1739"]
[BlackElo "1895"]
[PlyCount "74"]
[EventDate "2024.03.11"]
[EventType "swiss"]
[EventRounds "9"]
[EventCountry "ESP"]
[SourceTitle "Ajedrez en Madrid"]
[Source "lmi"]
[SourceDate "2024.03.11"]
[SourceVersion "1"]
[SourceVersionDate "2024.03.23"]
[SourceQuality "1"]

1. e4 c5 2. Nc3 Nc6 3. g3 g6 4. Bg2 Bg7 5. Nge2 d6 6. O-O Nf6 7. d3 O-O 8. Be3
Ng4 9. Bd2 Rb8 10. h3 Nf6 11. a4 a6 12. Rb1 e6 13. Be3 b5 14. axb5 axb5 15. d4
cxd4 16. Nxd4 Nxd4 17. Bxd4 b4 18. Na4 Qc7 19. Re1 e5 20. Be3 Bd7 21. b3 Bc6
22. Bg5 h6 23. Bxf6 Bxf6 24. Qd2 Kh7 25. h4 Rfd8 26. c4 Bxa4 27. bxa4 Qxc4 28.
Rec1 Qd4 29. Qa2 Rd7 30. Rc4 Qa7 31. Rcxb4 Rdb7 32. Rxb7 Rxb7 33. Rxb7 Qxb7 34.
a5 Bd8 35. a6 Qa7 36. Bf1 Bb6 37. Bc4 Kg7 1/2-1/2

[Event "Madrid ch Veteranos 2324"]
[Site "Madrid ESP"]
[Date "2024.03.13"]
[Round "3.20"]
[White "Martin Garcia, Luis I"]
[Black "Saflekos, Apostolos"]
[Result "1-0"]
[WhiteElo "1894"]
[BlackElo "1639"]
[PlyCount "71"]
[EventDate "2024.03.11"]
[EventType "swiss"]
[EventRounds "9"]
[EventCountry "ESP"]
[SourceTitle "Ajedrez en Madrid"]
[Source "lmi"]
[SourceDate "2024.03.11"]
[SourceVersion "1"]
[SourceVersionDate "2024.03.23"]
[SourceQuality "1"]

1. e4 e5 2. Nf3 Nc6 3. Bb5 d6 4. d4 Bg4 5. Be3 a6 6. Bxc6+ bxc6 7. dxe5 dxe5 8.
Qxd8+ Rxd8 9. Nbd2 Bd6 10. h3 Bh5 11. g4 Bg6 12. Nh4 Ne7 13. O-O-O c5 14. Nf5
Bxf5 15. gxf5 f6 16. Nb3 c4 17. Nc5 Bxc5 18. Bxc5 Nc6 19. Rxd8+ Kxd8 20. Rg1
Rg8 21. Kd2 Nd4 22. Bxd4 exd4 23. b3 Kd7 24. bxc4 Kd6 25. f4 c5 26. h4 g6 27.
fxg6 Rxg6 28. Rxg6 hxg6 29. c3 dxc3+ 30. Kxc3 Kc6 31. f5 g5 32. h5 g4 33. Kd3
Kd6 34. h6 g3 35. Ke3 Ke7 36. h7 1-0

[Event "Madrid ch Veteranos 2324"]
[Site "Madrid ESP"]
[Date "2024.03.13"]
[Round "3.21"]
[White "Rodriguez Valdeavero, Julio Cesa"]
[Black "Infante Martin, Alonso"]
[Result "1-0"]
[WhiteElo "1887"]
[BlackElo "1618"]
[PlyCount "83"]
[EventDate "2024.03.11"]
[EventType "swiss"]
[EventRounds "9"]
[EventCountry "ESP"]
[SourceTitle "Ajedrez en Madrid"]
[Source "lmi"]
[SourceDate "2024.03.11"]
[SourceVersion "1"]
[SourceVersionDate "2024.03.23"]
[SourceQuality "1"]

1. Nf3 Nf6 2. c4 d6 3. g3 Nbd7 4. Bg2 c6 5. Nc3 Qc7 6. O-O e5 7. d3 Be7 8. Bd2
O-O 9. a3 Re8 10. b4 Bf8 11. e4 h6 12. Qb3 a6 13. Rac1 Rb8 14. h3 g6 15. Be3 b6
16. Nh4 c5 17. Rb1 Kg7 18. Qb2 Be7 19. Qd2 Ng8 20. Nd5 Qd8 21. Nxe7 Qxe7 22.
Qc3 Nf8 23. f4 f6 24. f5 g5 25. Nf3 Ra8 26. Nd2 Bd7 27. Bf3 Reb8 28. Kg2 b5 29.
bxc5 dxc5 30. cxb5 Bxb5 31. Bxc5 Qd7 32. Nc4 Qc6 33. Be3 Rc8 34. Rfc1 Nd7 35.
Qb4 Nc5 36. Nxe5 fxe5 37. Bxc5 Qd7 38. d4 Rab8 39. Qd2 Rb6 40. Qe3 Rbc6 41.
dxe5 Ba4 42. e6 1-0

[Event "Madrid ch Veteranos 2324"]
[Site "Madrid ESP"]
[Date "2024.03.13"]
[Round "3.22"]
[White "Ramos Antona, Enrique"]
[Black "Vukotic Jovsic, Dragan"]
[Result "1/2-1/2"]
[WhiteElo "1736"]
[BlackElo "1882"]
[PlyCount "80"]
[EventDate "2024.03.11"]
[EventType "swiss"]
[EventRounds "9"]
[EventCountry "ESP"]
[SourceTitle "Ajedrez en Madrid"]
[Source "lmi"]
[SourceDate "2024.03.11"]
[SourceVersion "1"]
[SourceVersionDate "2024.03.23"]
[SourceQuality "1"]

1. Nf3 d5 2. c4 e6 3. g3 Nf6 4. Bg2 Be7 5. b3 O-O 6. Bb2 c6 7. O-O b6 8. e3 Bb7
9. cxd5 cxd5 10. Nc3 Nc6 11. Rc1 Qd7 12. Re1 Rfc8 13. Ne2 Nb4 14. Rxc8+ Rxc8
15. Ne5 Qe8 16. Qb1 Nd7 17. Nxd7 Qxd7 18. a3 Nc2 19. Rc1 Nxa3 20. Rxc8+ Qxc8
21. Qd1 Ba6 22. Bf1 Bd3 23. Nd4 Qa6 24. Bxd3 Qxd3 25. Qc1 Qa6 26. Nc6 Bd6 27.
Qc3 f6 28. Nd8 b5 29. Nxe6 Be7 30. Nd4 Qb7 31. Qc6 Qxc6 32. Nxc6 Bd6 33. Bxa3
Bxa3 34. Nxa7 b4 35. Nb5 Kf7 36. Kf1 Ke6 37. d4 Kd7 38. Ke2 Kc6 39. Na7+ Kb7
40. Nb5 Kc6 1/2-1/2

[Event "Madrid ch Veteranos 2324"]
[Site "Madrid ESP"]
[Date "2024.03.13"]
[Round "3.24"]
[White "Martinez Pintor, Juan"]
[Black "Gil Sierra, Jacinto"]
[Result "0-1"]
[WhiteElo "1728"]
[BlackElo "1877"]
[PlyCount "60"]
[EventDate "2024.03.11"]
[EventType "swiss"]
[EventRounds "9"]
[EventCountry "ESP"]
[SourceTitle "Ajedrez en Madrid"]
[Source "lmi"]
[SourceDate "2024.03.11"]
[SourceVersion "1"]
[SourceVersionDate "2024.03.23"]
[SourceQuality "1"]

1. d4 e6 2. Nf3 f5 3. c3 Nf6 4. e3 b6 5. Nbd2 Bb7 6. Bd3 c5 7. O-O Nc6 8. Qe2
d5 9. dxc5 Bxc5 10. c4 Nb4 11. Bb1 dxc4 12. Nxc4 O-O 13. a3 Nc6 14. b4 Be7 15.
b5 Na5 16. Nxa5 bxa5 17. Ba2 Qb6 18. a4 Ne4 19. Bb2 a6 20. Bd4 Bc5 21. Bxc5
Nxc5 22. Nd4 Kh8 23. Rab1 e5 24. Nf3 Qf6 25. Qc4 Rac8 26. Qh4 Qxh4 27. Nxh4
Nxa4 28. Be6 Rc5 29. bxa6 Bxa6 30. Rfd1 Nc3 0-1

[Event "Madrid ch Veteranos 2324"]
[Site "Madrid ESP"]
[Date "2024.03.13"]
[Round "3.26"]
[White "Vasquez Escobar, Andres Eloy"]
[Black "Ruiz Quevedo, Andres"]
[Result "0-1"]
[WhiteElo "1626"]
[BlackElo "1865"]
[PlyCount "66"]
[EventDate "2024.03.11"]
[EventType "swiss"]
[EventRounds "9"]
[EventCountry "ESP"]
[SourceTitle "Ajedrez en Madrid"]
[Source "lmi"]
[SourceDate "2024.03.11"]
[SourceVersion "1"]
[SourceVersionDate "2024.03.23"]
[SourceQuality "1"]

1. d4 Nf6 2. c4 c5 3. d5 a6 4. Nc3 b5 5. cxb5 axb5 6. Nxb5 e6 7. dxe6 fxe6 8.
Nd6+ Bxd6 9. Qxd6 Ne4 10. Qd1 O-O 11. Nf3 Qa5+ 12. Bd2 Qb6 13. Qc2 d5 14. e3
Nc6 15. Be2 Nb4 16. Qb1 Ba6 17. a3 Bxe2 18. axb4 Rxa1 19. Qxa1 Bxf3 20. gxf3
Nxd2 21. Kxd2 Qxb4+ 22. Ke2 Qb5+ 23. Ke1 Rb8 24. Qa7 Qxb2 25. Kf1 Qb1+ 26. Kg2
Qg6+ 27. Kh3 Rf8 28. f4 h6 29. e4 Rxf4 30. Qb8+ Rf8 31. Qg3 Qxe4 32. Qg1 Rf3+
33. Kg2 Rb3+ 0-1

[Event "Madrid ch Veteranos 2324"]
[Site "Madrid ESP"]
[Date "2024.03.13"]
[Round "3.27"]
[White "Lopez Manso, Jeronimo"]
[Black "Garcia Galeote, Lorenzo"]
[Result "0-1"]
[WhiteElo "1559"]
[BlackElo "1860"]
[PlyCount "50"]
[EventDate "2024.03.11"]
[EventType "swiss"]
[EventRounds "9"]
[EventCountry "ESP"]
[SourceTitle "Ajedrez en Madrid"]
[Source "lmi"]
[SourceDate "2024.03.11"]
[SourceVersion "1"]
[SourceVersionDate "2024.03.23"]
[SourceQuality "1"]

1. c4 e5 2. Nc3 d6 3. e3 g6 4. g3 Bg7 5. Bg2 Ne7 6. Nge2 O-O 7. O-O c6 8. f4 f5
9. Qb3 Kh8 10. d4 e4 11. g4 Na6 12. Ng3 Qe8 13. gxf5 gxf5 14. a3 Rb8 15. Qd1
Be6 16. d5 cxd5 17. cxd5 Bxd5 18. Nxd5 Nc5 19. Nh5 Rg8 20. Nxg7 Rxg7 21. Qd4
Qg6 22. Rf2 Nd3 23. Rc2 Ne1 24. Qc3 Nxc2 25. Qxc2 Rbg8 0-1

[Event "Madrid ch Veteranos 2324"]
[Site "Madrid ESP"]
[Date "2024.03.13"]
[Round "3.28"]
[White "Barahona Torrijos, Angel"]
[Black "Perales Hernandez, Manuel"]
[Result "1-0"]
[WhiteElo "1833"]
[BlackElo "1594"]
[PlyCount "73"]
[EventDate "2024.03.11"]
[EventType "swiss"]
[EventRounds "9"]
[EventCountry "ESP"]
[SourceTitle "Ajedrez en Madrid"]
[Source "lmi"]
[SourceDate "2024.03.11"]
[SourceVersion "1"]
[SourceVersionDate "2024.03.23"]
[SourceQuality "1"]

1. e4 e5 2. Nf3 Nc6 3. Nc3 Nf6 4. d4 exd4 5. Nd5 Bc5 6. Bc4 d6 7. O-O Bg4 8.
Bg5 h6 9. Bxf6 gxf6 10. h3 Bh5 11. Nf4 Bxf3 12. Qxf3 Ne5 13. Qb3 Qd7 14. Nd5
O-O-O 15. Kh1 Qe6 16. Nb6+ cxb6 17. Bxe6+ fxe6 18. Qxe6+ Kc7 19. g3 b5 20. f4
Nc4 21. b4 Bb6 22. a4 Ne3 23. a5 Bxa5 24. bxa5 Nxf1 25. Rxf1 Rhf8 26. Qd5 a6
27. Qxd4 Kb8 28. Rf3 Ka8 29. Rc3 h5 30. Rc7 Rc8 31. Qb6 Rb8 32. Qxd6 Rfc8 33.
Rxc8 Rxc8 34. Qxf6 Rxc2 35. Kg1 Rc1+ 36. Kh2 Ra1 37. Qxa1 1-0

[Event "Madrid ch Veteranos 2324"]
[Site "Madrid ESP"]
[Date "2024.03.13"]
[Round "3.29"]
[White "Rodriguez Rodriguez, Ricardo"]
[Black "Hernandez Gutierrez, Jose"]
[Result "1/2-1/2"]
[WhiteElo "1786"]
[BlackElo "1825"]
[PlyCount "139"]
[EventDate "2024.03.11"]
[EventType "swiss"]
[EventRounds "9"]
[EventCountry "ESP"]
[SourceTitle "Ajedrez en Madrid"]
[Source "lmi"]
[SourceDate "2024.03.11"]
[SourceVersion "1"]
[SourceVersionDate "2024.03.23"]
[SourceQuality "1"]

1. Nf3 d5 2. e3 Nf6 3. c4 c6 4. Nc3 e6 5. b3 Be7 6. Bb2 O-O 7. Qc2 a5 8. d4 Bb4
9. Bd3 Nbd7 10. O-O Re8 11. Ne5 h6 12. Ne2 Nxe5 13. dxe5 Nd7 14. Ng3 Bf8 15. f4
Nc5 16. Be2 Bd7 17. Rf3 b5 18. Nh5 Ne4 19. Bd3 bxc4 20. Bxe4 dxe4 21. Rg3 Kh8
22. Qxc4 Qh4 23. Rh3 Qg4 24. Qxe4 Red8 25. Qf3 Qxf3 26. Rxf3 c5 27. Rff1 a4 28.
Rfd1 axb3 29. axb3 Bc6 30. Rac1 Bd5 31. Rc3 Rdb8 32. Ra1 Rxa1+ 33. Bxa1 Bxb3
34. Ng3 c4 35. Ne4 Ra8 36. Rc1 Ba3 37. Re1 Bb4 38. Rc1 Ra2 39. Bd4 Ba3 40. Ra1
Rxa1+ 41. Bxa1 Bc2 42. Nd6 Kg8 43. Nxc4 Bc1 44. Bd4 h5 45. Kf2 g6 46. Bc5 Bb3
47. Nd6 Ba4 48. Ne4 Bc6 49. Nf6+ Kg7 50. g4 hxg4 51. Nxg4 Bd2 52. Kg3 Be1+ 53.
Kh3 Bf3 54. Nf6 Bf2 55. Nd7 Kg8 56. e4 Be1 57. Be7 Bf2 58. Bh4 Be3 59. Bg3 Kg7
60. Nf6 Bd4 61. Kh4 Bb2 62. Kg5 Ba3 63. f5 Be7 64. Kf4 Bd1 65. Nd7 gxf5 66.
exf5 exf5 67. Kxf5 Bc2+ 68. Kf4 Ba4 69. Nb6 Bc6 70. Kf5 1/2-1/2

[Event "Madrid ch Veteranos 2324"]
[Site "Madrid ESP"]
[Date "2024.03.13"]
[Round "3.30"]
[White "Arjona Anchoriz, Ignacio"]
[Black "Camarero Izquierdo, Juan Carlos"]
[Result "1-0"]
[WhiteElo "1606"]
[BlackElo "1813"]
[PlyCount "67"]
[EventDate "2024.03.11"]
[EventType "swiss"]
[EventRounds "9"]
[EventCountry "ESP"]
[SourceTitle "Ajedrez en Madrid"]
[Source "lmi"]
[SourceDate "2024.03.11"]
[SourceVersion "1"]
[SourceVersionDate "2024.03.23"]
[SourceQuality "1"]

1. Nf3 d5 2. e3 Bg4 3. d4 c6 4. c4 e6 5. b3 Nd7 6. Be2 Bxf3 7. Bxf3 f5 8. O-O
Ngf6 9. g3 Bd6 10. Nd2 O-O 11. Bb2 Ne4 12. cxd5 exd5 13. Bg2 Rf6 14. Nxe4 fxe4
15. f3 exf3 16. Bxf3 Rg6 17. e4 dxe4 18. Bxe4 Rh6 19. Qc2 Nf6 20. Rae1 Qc7 21.
Rf3 Kh8 22. Bf5 Nd5 23. Qe4 Rf8 24. Qe8 Rhf6 25. Qe4 h5 26. Ref1 R6f7 27. Bg6
Rxf3 28. Rxf3 Nf6 29. Qh4 Qa5 30. Bc3 Qd5 31. Rf5 Qe6 32. Rxh5+ Nh7 33. Rxh7+
Kg8 34. Rh8# 1-0

[Event "Madrid ch Veteranos 2324"]
[Site "Madrid ESP"]
[Date "2024.03.13"]
[Round "3.31"]
[White "San Segundo Ortiz, Fernando"]
[Black "Villodre Miranda, Juan Alonso"]
[Result "1/2-1/2"]
[WhiteElo "1813"]
[BlackElo "1727"]
[PlyCount "131"]
[EventDate "2024.03.11"]
[EventType "swiss"]
[EventRounds "9"]
[EventCountry "ESP"]
[SourceTitle "Ajedrez en Madrid"]
[Source "lmi"]
[SourceDate "2024.03.11"]
[SourceVersion "1"]
[SourceVersionDate "2024.03.23"]
[SourceQuality "1"]

1. d4 d5 2. Bf4 c6 3. c3 e6 4. Nf3 f5 5. Nbd2 Nf6 6. h3 Nbd7 7. e3 Ne4 8. Nxe4
dxe4 9. Ne5 Nxe5 10. Bxe5 Qe7 11. Qb3 Rg8 12. Be2 g6 13. O-O-O Bg7 14. Bh2 Kf7
15. g4 Kf8 16. h4 Bf6 17. g5 Bg7 18. f3 exf3 19. Bxf3 e5 20. d5 c5 21. d6 Qd7
22. Rhf1 Rb8 23. Qd5 e4 24. Bxe4 h6 25. Be5 hxg5 26. hxg5 b6 27. Bxg7+ Rxg7 28.
Qe5 Qe6 29. Qxe6 Bxe6 30. b3 Rd8 31. Bc6 Bd7 32. Bg2 Bc8 33. e4 Bb7 34. Rd2 Rf7
35. e5 Bxg2 36. Rxg2 Ke8 37. Rh2 Kd7 38. Re1 Ke6 39. Rh6 Rg7 40. c4 f4 41. Kd2
Kf5 42. Ke2 Kxg5 43. Rh2 Kf5 44. Kf3 Re8 45. Rhe2 Ke6 46. Kxf4 Rh8 47. Kg4 Rf8
48. Kg5 Rh8 49. Kg4 Rf8 50. Rd1 Rd7 51. Rde1 Rg7 52. Re4 Rf5 53. Rd1 Rd7 54.
Rd5 Rh7 55. Kg3 g5 56. Re2 Rd7 57. Kg4 Rf1 58. Rg2 Rf4+ 59. Kxg5 Rf5+ 60. Kg6
Rxe5 61. Rgd2 Rxd5 62. Rxd5 Rxd6 63. Rxd6+ Kxd6 64. Kf6 a6 65. a3 b5 66. Kf5
1/2-1/2

[Event "Madrid ch Veteranos 2324"]
[Site "Madrid ESP"]
[Date "2024.03.13"]
[Round "3.32"]
[White "Montero Montero, Juan Jose"]
[Black "Ortega Molina, Tomas"]
[Result "1/2-1/2"]
[WhiteElo "1779"]
[BlackElo "1716"]
[PlyCount "85"]
[EventDate "2024.03.11"]
[EventType "swiss"]
[EventRounds "9"]
[EventCountry "ESP"]
[SourceTitle "Ajedrez en Madrid"]
[Source "lmi"]
[SourceDate "2024.03.11"]
[SourceVersion "1"]
[SourceVersionDate "2024.03.23"]
[SourceQuality "1"]

1. e4 c5 2. Nf3 d6 3. Bb5+ Nc6 4. Bxc6+ bxc6 5. O-O e5 6. c3 Nf6 7. Re1 Bg4 8.
h3 Bh5 9. d3 Be7 10. Nbd2 O-O 11. Nf1 h6 12. Ng3 Bg6 13. Nh4 Nh7 14. Nhf5 Bg5
15. Rf1 Bf4 16. Qg4 Nf6 17. Qf3 Bxf5 18. Nxf5 Bxc1 19. Raxc1 Kh7 20. Rfe1 g6
21. Ng3 h5 22. Ne2 d5 23. exd5 cxd5 24. Ng3 Re8 25. Nf1 e4 26. dxe4 dxe4 27.
Qf4 Re6 28. Ng3 Qe7 29. Rcd1 Re8 30. Nf1 Re5 31. Qd2 Qe6 32. b3 g5 33. Ne3 g4
34. h4 g3 35. fxg3 Rg8 36. Kh2 Ng4+ 37. Nxg4 Rxg4 38. Re3 Rg7 39. Rf1 f5 40.
Qe2 Rg4 41. Rf4 Qg6 42. Rxg4 hxg4 43. Qf2 1/2-1/2